<Die> Finanzanalyse des ausgewählten Unternehmens diplomová práca

Saved in:
Bibliographic Details
Main Author: Borodin, Marek
Corporate Author: Ekonomická univerzita v Bratislave. Ústav medzinárodných programov
Other Authors: Jančovičová Bognárová, Kristína, 1979-
Format: Book
Language:German
Published: Bratislava 2015
Tags: Add Tag
No Tags, Be the first to tag this record!

MARC

LEADER 00000nbm a2200000 4500
001 0213488
005 20170111102929.9
041 0 |a ger 
044 |a SK 
245 1 0 |a <Die> Finanzanalyse des ausgewählten Unternehmens  |b diplomová práca  |c Marek Borodin ; školiteľ: Kristína Jančovičová Bognárová 
264 1 |a Bratislava  |c 2015 
300 |a 59 s. 
100 1 |a Borodin, Marek 
700 1 |a Jančovičová Bognárová, Kristína, 1979- 
710 2 |a Ekonomická univerzita v Bratislave. Ústav medzinárodných programov